Desserts from 'L' - Statistics

General Stats
  • This quiz has been taken 14 times
  • The average score is 2 of 16
Answer Stats
Picture Answer % Correct
Lemon Meringue Pie
69%
Lemon tart
46%
Lassi
38%
Lamington
31%
Linzer Torte
15%
Long John
15%
Lane Cake
8%
Lokma
8%
Laddu
0%
Lapte de Pasare
0%
Lardy Cake
0%
Leche Flan
0%
Leipziger Lerche
0%
Lekach
0%
Linzer Auge
0%
London Cheesecake
0%
No matching quizzes found
Score Distribution
Percent of People with Each Score
Percentile by Number Answered
Your Score History
You have not taken this quiz